01216nam a22002657a 45000010005000000030009000050050017000140080041000310200015000720400028000870820024001152450130001392500025002692600038002943000028003325000102003605000055004625150049005175300027005665800077005935800166006706500052008366500037008887000025009251396BD-DhUAP20210120152714.0200206s1995 mnuar 0 a0eng c a0314065598 aFXGbEngcFXGdBD-DhUAP0 223 a343.73052 SOL 00aSolutions manual to accompany West's Federal taxation : bindividual income taxes /cEdited by William H. Hoffman... [et al.] a1996 annual edition. aSt. Paul : bWest Pub., cc1995.  avarious pages ;c26 cm. aIncludes instructor's guide and solutions manual; and Master tax: user's guide and documentation. aEditors: <1978-80> L.C. Phillips and W.H. Hoffman. aIssue for 2002 called also 25th anniversary. aAlso issued on CD-ROM. aAccompanied by: Introduction to computerized tax planning with AATAXCOM. aCan be used with: West-tax preparer ... to accompany West's federal taxation, and: Introduction to computerized tax planning with the BNA income tax spreadsheet. 0aIncome taxxLaw and legislationzUnited States. 7aIncome taxxLaw and legislation. aHoffma, William H.